Electronic devices / (Record no. 179147)

000 -LEADER
fixed length control field 01207 a2200217 4500
003 - CONTROL NUMBER IDENTIFIER
control field Nust
005 - DATE AND TIME OF LATEST TRANSACTION
control field 20251111110523.0
010 ## - LIBRARY OF CONGRESS CONTROL NUMBER
LC control number 95015535
020 ## - INTERNATIONAL STANDARD BOOK NUMBER
International Standard Book Number 81-7808-835-5
040 ## - CATALOGING SOURCE
Transcribing agency Nust
082 00 - DEWEY DECIMAL CLASSIFICATION NUMBER
Classification number 621.38152,FLO
100 1# - MAIN ENTRY--PERSONAL NAME
Personal name Floyd, Thomas L.
9 (RLIN) 10192
245 10 - TITLE STATEMENT
Title Electronic devices /
Statement of responsibility, etc. Thomas L. Floyd.
250 ## - EDITION STATEMENT
Edition statement 6th ed.
260 ## - PUBLICATION, DISTRIBUTION, ETC.
Place of publication, distribution, etc. Islamabad
Name of publisher, distributor, etc. National Book Foundations
Date of publication, distribution, etc. c1996.
300 ## - PHYSICAL DESCRIPTION
Extent 993p
Other physical details ill. (some col.) ;
Dimensions 26 cm.
505 ## - FORMATTED CONTENTS NOTE
Formatted contents note Introduction to Semiconductors (Page-1), Diode Applications (Page-48), Special Purpose Diodes (Page-112), Bipolar Junction Transistors BJTs (Page-168), Transistor Bias Circuits (Page-222), BJT Amplifiers (Page-266), Field Effect Transistors FETs (Page-326), FET Amplifiers (Page-386), Power Amplifiers (Page-426), Amplifiers Frequency Response (Page-474), Thrusters and Other Devices (Page-532), Operational Amplifiers (Page-580), Basic OP-Amp Applications (Page-642), Special Purpose OP-Amp Circuits (Page-692), Active Filter (Page-734), Oscillators (Page-772), Communication Circuits (Page-818), Voltage Regulators (Page-874),
650 #0 - SUBJECT ADDED ENTRY--TOPICAL TERM
Topical term or geographic name entry element Solid state electronics.
9 (RLIN) 10194
650 #0 - SUBJECT ADDED ENTRY--TOPICAL TERM
Topical term or geographic name entry element Telecommunication Engineering
942 ## - ADDED ENTRY ELEMENTS (KOHA)
Source of classification or shelving scheme
Koha item type Book
Holdings
Withdrawn status Lost status Source of classification or shelving scheme Damaged status Not for loan Permanent Location Current Location Shelving location Date acquired Full call number Barcode Date last seen Price effective from Koha item type Public note Total Checkouts Date last checked out
          Military College of Signals (MCS) Military College of Signals (MCS) General Stacks 12/12/2016 621.38152,FLO MCS33888 12/08/2016 12/12/2016 Book Almirah No.33, Shelf No.4    
          Military College of Signals (MCS) Military College of Signals (MCS) General Stacks 12/12/2016 621.38152,FLO MCS33889 12/08/2016 12/12/2016 Book Almirah No.33, Shelf No.4    
          Military College of Signals (MCS) Military College of Signals (MCS) General Stacks 12/12/2016 621.38152,FLO MCS33890 11/14/2025 12/12/2016 Book Almirah No.33, Shelf No.4 2 10/15/2025
          Military College of Signals (MCS) Military College of Signals (MCS) General Stacks 12/12/2016 621.381521,FLO MCS33891 12/08/2016 12/12/2016 Book Almirha No 83, Shelf No 1    
          Military College of Signals (MCS) Military College of Signals (MCS) General Stacks 12/12/2016 621.38152,FLO MCS33892 12/08/2016 12/12/2016 Book Almirah No.33, Shelf No.4    
          Military College of Signals (MCS) Military College of Signals (MCS) General Stacks 12/12/2016 621.38152,FLO MCS33893 12/08/2016 12/12/2016 Book Almirah No.33, Shelf No.4    
          Military College of Signals (MCS) Military College of Signals (MCS) General Stacks 12/12/2016 621.381521,FLO MCS33894 12/08/2016 12/12/2016 Book Almirha No 124, Shelf No 1    
          Military College of Signals (MCS) Military College of Signals (MCS) General Stacks 12/12/2016 621.38152,FLO MCS33895 12/08/2016 12/12/2016 Book Almirah No.33, Shelf No.4    
          Military College of Signals (MCS) Military College of Signals (MCS) General Stacks 11/11/2025 621.38152,FLO MCS36271 11/11/2025 11/11/2025 Book Almirah No.33, Shelf No.4    
          Military College of Signals (MCS) Military College of Signals (MCS) General Stacks 11/11/2025 621.38152,FLO MCS36293 11/11/2025 11/11/2025 Book Almirah No.33, Shelf No.4    
© 2023 Central Library, National University of Sciences and Technology. All Rights Reserved.